000 00935nam a2200253Ia 4500
003 OSt
005 20221005112432.0
006 a|||||r|||| 00| 0
007 ta
008 221004b |||||||| |||| 00| 0 pan d
020 _a9789352046485 (hbk)
_cINR 295.00
024 _a33146
037 _b796, 06/03/2017, H.K. Prakashan
_cTextual
040 _aCRL
_cCRL
_bpan
041 _2pan
_apan
082 _aNRwN47, 153Q7
100 _aਬੈ੍ਵਸ, Fਰਨਜੀਤ, ਂਚ.
_9624336
245 0 _aਨਹੀਓ ਲੱਭਣੇ ਲਾਲ ਗਵਾਚੇ
_b ਮਲਿਕਾ-ਏ-ਰੇਗਿਸਤਾਨ ਰੇFਮਾ
260 _aਚੰਡੀਗੜ
_bਯੂਨੀਸਟਾਰ ਭਾਰਤ
_c2017
300 _a112ਪ੍ਰ0
_ccm.
650 _a ਸੰਗੀਤ
942 _hNRwN47, 153Q7
_cTEXL
_2cc
999 _c1024888
_d1024888